Trophées UNFP : Meilleur Gardien de Ligue 1 - Statistiques

Statistiques générales
  • Ce quiz a été pris 701 fois
    251 depuis la dernière actualisation
  • Le résultat moyen est 17 sur 23
Statistiques - réponses
Hint Réponse % Correct
2022 Gianluigi Donnarumma
97%
2024 Gianluigi Donnarumma
97%
2025 Lucas Chevalier
95%
2008 Steve Mandanda
92%
2011 Steve Mandanda
92%
2015 Steve Mandanda
92%
2016 Steve Mandanda
92%
2018 Steve Mandanda
92%
2009 Hugo Lloris
79%
2010 Hugo Lloris
79%
2012 Hugo Lloris
79%
2021 Keylor Navas
76%
2003 Grégory Coupet
69%
2004 Grégory Coupet
69%
2005 Grégory Coupet
69%
2006 Grégory Coupet
69%
2019 Mike Maignan
68%
2013 Salvatore Sirigu
67%
2014 Salvatore Sirigu
67%
2023 Brice Samba
62%
2017 Danijel Subašić
53%
2002 Ulrich Ramé
27%
2007 Teddy Richert
9%
Aucun quiz correspondant
Distribution des résultats
% des personnes avec chaque résultat
Percentile par nombre de réponses
Votre historique - résultats
Vous n’avez pas pris ce quiz depuis la dernière actualisation